00863nam a2200265Ia 450000500170000000800410001702000150005804100080007310000480008124500600012925000220018926400380021130000260024933600270027533700330030233800280033549000230036350000330038650400270041965000400044665000420048674000230052804000350055108400110058620220316235252.0121119s2002 sp gr 000 f spa  a84376135150 aspa1 aMoliere, Jean Baptiste Poquelin,d1622-167314aLas preciosas ridículas ; Las mujeres sabiascMoliure aPrimera edición 1aMadridbEdiciones Cátedrac2002 a192 páginasc18 cm. atextobtxt2rdacontent asin mediaciónbn2rdamedia avolumenbnc2rdacarrier0 aLetras universales aIncluye cuadro cronológico aIncluye bibliografía142LEMBaTeatro francés ySiglo XVII142LEMBaLiteratura francesaySiglo XVII aLas mujeres sabias aCO-BoRNBPbspaerdacCO-BoRNBP aT MOL1